| 000 -LEADER |
| fixed length control field |
00617nam a2200193 i 4500 |
| 020 ## - INTERNATIONAL STANDARD BOOK NUMBER |
| ISBN |
2706806427 |
| 040 ## - CATALOGING SOURCE |
| Transcribing agency |
DLC |
| 082 00 - DEWEY DECIMAL CLASSIFICATION NUMBER |
| Classification number |
338 MAI 1977 A010 Or. |
| 100 1# - MAIN ENTRY--AUTHOR NAME |
| Personal name |
Ravignan, François de, |
| 245 10 - TITLE STATEMENT |
| Title |
Découvrir une agriculture vivrière : |
| Remainder of title |
guide d'observation sur le terrain / |
| 260 ## - PUBLICATION, DISTRIBUTION, ETC. (IMPRINT) |
| Place of publication |
Paris : |
| Name of publisher |
G.-P. Maisonneuve & Larose, |
| Year of publication |
1977. |
| 300 ## - PHYSICAL DESCRIPTION |
| Number of Pages |
116 p. : |
| Other physical details |
ill. ; |
| Dimensions |
24 cm. |
| 500 ## - GENERAL NOTE |
| General note |
At head of title: Institut panafricain pour le développement. |
| 650 #0 - SUBJECT ADDED ENTRY--TOPICAL TERM |
| Topical Term |
Agriculture |
| 650 #0 - SUBJECT ADDED ENTRY--TOPICAL TERM |
| Topical Term |
Agriculture |
| 700 1# - ADDED ENTRY--PERSONAL NAME |
| Personal name |
Barbedette, Loic, |
| 710 2# - ADDED ENTRY--CORPORATE NAME |
| Corporate name or jurisdiction name as entry element |
Pan African Institute for Development. |
| 942 ## - ADDED ENTRY ELEMENTS (KOHA) |
| Koha item type |
សៀវភៅភាសាបារាំង |
| 952 ## - LOCATION AND ITEM INFORMATION (KOHA) |
| Withdrawn status [LOCAL, KOHA] |
0 |